[Event "Rubinstein mem"]
[Site "Polanica Zdroj"]
[Date "1996.??.??"]
[Round "2"]
[White "Rogers, Ian"]
[Black "Rublevsky, Sergei"]
[Result "1/2-1/2"]
[WhiteElo "2575"]
[BlackElo "2645"]

1.d4 d5 2.Nf3 e6 3.g3 c5 4.Bg2 cxd4 5.Nxd4 Nf6 6.O-O e5 7.Nf3 Nc6 8.c4 d4
9.e3 Bc5 10.exd4 Bxd4 11.Nxd4 Nxd4 12.Nc3 O-O 13.Nd5 Be6 14.Nxf6+ Qxf6 15.b3 Qg6
16.Bb2  1/2-1/2

[Event "Rubinstein mem"]
[Site "Polanica Zdroj"]
[Date "1996.??.??"]
[Round "9"]
[White "Rublevsky, Sergei"]
[Black "Gulko, Boris F"]
[Result "1-0"]
[WhiteElo "2645"]
[BlackElo "2615"]

1.e4 c6 2.d4 d5 3.Nd2 dxe4 4.Nxe4 Nd7 5.Bc4 e6 6.Qe2 Ngf6 7.Ng5 Nb6 8.Bd3 h6
9.N5f3 c5 10.Be3 a6 11.c3 Qc7 12.Ne5 Bd6 13.Ngf3 Nbd5 14.O-O O-O 15.Bd2 b6
16.Rac1 Bb7 17.Rfe1 b5 18.c4 bxc4 19.Rxc4 Qe7 20.Rec1 Rfc8 21.dxc5 Rxc5 22.Rxc5 Bxc5
23.a3 Bd6 24.Nc6 Bxc6 25.Rxc6 a5 26.g3 Bc7 27.Ne5 Qe8 28.Rc2 Bxe5 29.Qxe5 Qa4
30.Qe2 Qd7 31.Bb5 Qd8 32.a4 Nb4 33.Bxb4 axb4 34.Qc4 Qd1+ 35.Kg2 Nd5 36.Qe2 Qd4
37.Rc4 Qb6 38.Qc2 g5 39.Bc6 Rd8 40.Rc5 Rc8 41.Rc4 Ne7 42.Bf3 Rxc4 43.Qxc4 Nf5
44.h3 Kf8 45.Qc8+ Ke7 46.Qa8 Qd4 47.a5 Qxb2 48.a6 b3 49.a7 Ne3+ 50.Kg1 Qc1+
51.Kh2 Nf1+ 52.Kg2 b2 53.Qb7+ Kf6 54.a8=Q Ne3+ 55.fxe3 Qc2+ 56.Kh1 b1=Q+
57.Qxb1 Qxb1+ 58.Kh2 Kg7 59.Qe4 Qf1 60.Bg2 Qe1 61.Qe5+ Kg8 62.Qb8+ Kg7 63.Qb2+ Kg8
64.e4 Qe3 65.Qf6 h5 66.Qf3 Qxf3 67.Bxf3 h4 68.g4 Kg7 69.e5 f5 70.Kg2  1-0

[Event "Petrov mem"]
[Site "St Petersburg"]
[Date "1996.??.??"]
[Round "2"]
[White "Galliamova, Alisa"]
[Black "Rublevsky, Sergei"]
[Result "0-1"]
[WhiteElo "2480"]
[BlackElo "2610"]

1.d4 d5 2.c4 dxc4 3.Nf3 Nf6 4.e3 e6 5.Bxc4 c5 6.O-O a6 7.b3 cxd4 8.Nxd4 Bd7
9.Nd2 Nc6 10.N2f3 Nxd4 11.Nxd4 Be7 12.Bb2 O-O 13.Qf3 b5 14.Bd3 Rc8 15.Rac1 Qa5
16.a3 Bxa3 17.Ra1 b4 18.Nc2 Bc6 19.e4 Rfd8 20.Nxa3 bxa3 21.Bxa3 Rxd3 22.Qxd3 Bb5
23.Rfc1 Rxc1+ 24.Rxc1 Qxa3 25.Rc8+ Be8 26.h3 Qa1+ 27.Kh2 Qe5+ 28.g3 g5 29.Qxa6 Kg7
30.Qd3 Bb5 31.Qd8 Qxe4 32.Rc5 Kg6 33.Rxb5 Qe2 34.Qb6 Ne4 35.Rb4 Nxf2 36.Qd4 Nd3+
37.Kg1 Qe1+ 38.Kh2 Nxb4  0-1

[Event "Yerevan ol (Men)"]
[Site "Yerevan"]
[Date "1996.??.??"]
[Round "5"]
[White "Rublevsky, Sergei"]
[Black "Peng Xiaomin"]
[Result "1-0"]
[WhiteElo "2645"]
[BlackElo "2490"]

1.e4 e5 2.Nf3 Nc6 3.d4 exd4 4.Nxd4 Bc5 5.Be3 Qf6 6.c3 Nge7 7.Bc4 O-O 8.O-O Ne5
9.Be2 Qg6 10.Nd2 d5 11.Bh5 Qf6 12.f4 N5c6 13.e5 Qh6 14.N2b3 Bxd4 15.cxd4 Nf5
16.Bd2 Qe6 17.Rf2 g6 18.Bg4 h5 19.Bxf5 Qxf5 20.Rc1 Be6 21.Rc3 Rac8 22.Rg3 f6
23.Nc5 Nd8 24.exf6 Kh7 25.Rg5 Qxf6 26.f5 Bxf5 27.Rgxf5 Qxf5 28.Rxf5 Rxf5
29.Qe1 Nf7 30.Qe6 Nd6 31.Nd7 Ne4 32.Qe7+ Kg8 33.Bh6  1-0

[Event "Yerevan ol (Men)"]
[Site "Yerevan"]
[Date "1996.??.??"]
[Round "7"]
[White "Blatny, Pavel"]
[Black "Rublevsky, Sergei"]
[Result "0-1"]
[WhiteElo "2490"]
[BlackElo "2645"]

1.Nf3 d5 2.e3 Nf6 3.b3 Bf5 4.Bb2 Nbd7 5.d3 c6 6.Nbd2 Qc7 7.Nh4 Bg4 8.Be2 Bxe2
9.Qxe2 e6 10.f4 Bd6 11.g3 O-O 12.e4 dxe4 13.dxe4 Bb4 14.O-O-O a5 15.Nc4 a4
16.a3 Be7 17.b4 b5 18.Ne3 Rfc8 19.Nhf5 exf5 20.Nxf5 Re8 21.Qf3 Bf8 22.Rhe1 Rac8
23.Re2 g6 24.g4 gxf5 25.gxf5 Bh6 26.Rf1 Kf8 27.Kb1 Bxf4 28.e5 Bxe5 29.Qh3 Bxb2
30.Qh6+ Kg8 31.Rg2+ Ng4 32.Rxg4+ Kh8 33.f6 Bxf6 34.Rxf6 Re1+ 35.Ka2 Ra1+  0-1

[Event "RUS-Cup6"]
[Site "Krasnodar"]
[Date "1997.03.16"]
[Round "6"]
[White "Vaulin, Alexander"]
[Black "Rublevsky, Sergei"]
[Result "1/2-1/2"]
[WhiteElo "2490"]
[BlackElo "2645"]

1.c4 e5 2.Nc3 Nf6 3.Nf3 Nc6 4.e3 Bb4 5.Nd5 e4 6.Nd4 O-O 7.a3 Bd6 8.Ne2 Nxd5
9.cxd5 Ne5 10.Ng3 f5 11.d3 Qh4 12.dxe4 fxe4 13.Be2 Nd3+ 14.Bxd3 exd3 15.Qxd3 Bxg3
16.fxg3 Qh5 17.e4 d6 18.Bf4 Bg4 19.Rc1 Rf7 20.h3 Re8 21.Kf2 Bc8 22.Kg1 Qg6
23.Rc4 b6 24.Qc2 Ba6 25.Rxc7 Rxc7 26.Qxc7 Qxe4  1/2-1/2

[Event "RUS-Cup6"]
[Site "Krasnodar"]
[Date "1997.03.19"]
[Round "9"]
[White "Rublevsky, Sergei"]
[Black "Tregubov, Pavel V"]
[Result "1-0"]
[WhiteElo "2645"]
[BlackElo "2525"]

1.e4 c5 2.Nf3 e6 3.c4 Nc6 4.Nc3 Nd4 5.Nxd4 cxd4 6.Ne2 Qb6 7.Ng3 g6 8.Be2 Bg7
9.O-O Ne7 10.d3 O-O 11.Bg5 f6 12.Bd2 a5 13.Qc1 d6 14.Rb1 Bd7 15.Bh6 Rfc8
16.Bxg7 Kxg7 17.f4 d5 18.e5 f5 19.b3 Qc5 20.Bf3 Bc6 21.Ne2 dxc4 22.bxc4 Bxf3
23.Rxf3 Rab8 24.Rf1 b5 25.cxb5 Rxb5 26.Qxc5 Rbxc5 27.Nxd4 Kf7 28.Rb6 Rd5
29.Nxe6 h6 30.d4 Rc6 31.Rxc6 Nxc6 32.Nc7 Rxd4 33.g3 Nb4 34.a3 Nc2 35.Rb1 Nxa3
36.Rb5 Rd3 37.e6+ Kf6 38.Rb8 Nc4 39.Rf8+ Kg7 40.e7  1-0

[Event "RUS-ch m1-2"]
[Site "Elista"]
[Date "1997.05.23"]
[Round "2.2"]
[White "Ivanov, Sergey"]
[Black "Rublevsky, Sergei"]
[Result "1-0"]
[WhiteElo "2515"]
[BlackElo "2645"]

1.d4 d5 2.Nf3 e6 3.c4 dxc4 4.Qa4+ Nd7 5.e4 Nf6 6.Nc3 a6 7.Bxc4 Rb8 8.Qc2 b5
9.Bd3 c5 10.Bf4 Rb6 11.d5 Bb7 12.dxe6 Rxe6 13.Ng5 Re7 14.O-O-O c4 15.Be2 h6
16.e5 hxg5 17.exf6 gxf6 18.Bd6 Re6 19.Bg3 Bg7 20.Bg4 O-O 21.Bxe6 fxe6 22.Rhe1 f5
23.Qd2 Rf7 24.Bd6 Qf6 25.f3 Qg6 26.a3 Kh7 27.Qe3 Bc6 28.Qxe6 Rf6 29.Qe7 g4
30.f4 Rf7 31.Qh4+ Kg8 32.Nd5 Bxd5 33.Rxd5 Nf6 34.Rde5 Rd7 35.Re6 Qf7 36.Qg5 Ne4
37.R1xe4 fxe4 38.f5 e3 39.Be5 e2 40.Bxg7 Qxg7 41.Qh4 Rd1+ 42.Kc2 e1=Q 43.Rxe1 Rxe1
44.Qxe1 Qd4 45.Qe8+ Kg7 46.Qg6+ Kf8 47.f6 Qf2+ 48.Kc3 Qe1+ 49.Kd4 Qd2+ 50.Kc5 Qe3+
51.Kc6 Qe6+ 52.Kc7 a5 53.Qg7+ Ke8 54.Qh8+ Kf7 55.Qh5+ Kxf6 56.Qxb5 Qe2 57.Qb6+ Kf7
58.Qxa5 Qxb2 59.Qd5+ Kf6 60.Qxc4 Qe5+ 61.Kc6 Qe8+ 62.Kb7 Qe7+ 63.Qc7 Qxa3
64.Qf4+ Ke7 65.Qxg4 Qb2+ 66.Kc6 Qf6+ 67.Kd5 Qd6+ 68.Ke4 Qxh2 69.Qg5+ Kd7
70.Qf5+ Kd8 71.Qd5+ Kc8 72.Qe6+ Kd8 73.g4 Qf2 74.g5 Qf1 75.g6 Qf2 76.Ke5 Qb2+
77.Kf5 Qf2+ 78.Kg5 Qd2+ 79.Kf6 Qd4+ 80.Kf7 Qa7+ 81.Kg8 Qf2 82.Qd5+ Kc8 83.g7 Qf6
84.Kh7 Qh4+ 85.Kg6 Qg4+ 86.Kf6 Qh4+ 87.Qg5 Qd4+ 88.Kg6 Qd6+ 89.Qf6 Qg3+ 90.Kf7 Qc7+
91.Ke8 Qc4 92.Qf5+ Kb8 93.Qf8 Qe6+ 94.Kd8 Qd5+ 95.Ke7+ Kc7 96.Qf4+ Kc6 97.Qf6+ Kb5
98.Qe6 Qg5+ 99.Kf7 Qf4+ 100.Qf6 Qc4+ 101.Kg6 Ka4 102.Qg5 Qe6+ 103.Kh5 Qf7+
104.Kg4 Qg8 105.Qf6 Kb3 106.Kg5 Qd5+ 107.Kh6 Qh1+ 108.Kg6 Qg2+ 109.Kf7 Qb7+
110.Qe7 Qf3+ 111.Kg8 Kb2 112.Qf7 Qa8+ 113.Kh7 Qe4+ 114.Qg6 Qh4+ 115.Kg8 Qd8+
116.Kf7 Qd7+ 117.Kf8 Qd6+ 118.Qxd6  1-0

[Event "RUS-ch m5-8"]
[Site "Elista"]
[Date "1997.05.24"]
[Round "2.6"]
[White "Rublevsky, Sergei"]
[Black "Ivanov, Sergey"]
[Result "1/2-1/2"]
[WhiteElo "2645"]
[BlackElo "2515"]

1.e4 e6 2.d4 d5 3.Nd2 c5 4.exd5 Qxd5 5.dxc5 Bxc5 6.Ngf3 Nf6 7.Bd3 O-O 8.Qe2 Nbd7
9.b3 Ng4 10.O-O Nde5 11.Be4 Nxf3+ 12.Nxf3 Qh5 13.Bf4 Nf6 14.Rad1 Nxe4 15.Qxe4 f6
16.Bd6 Bxd6 17.Rxd6 e5 18.Rfd1 Qf7 19.Nd2 Be6 20.Nf1 Rac8 21.Ne3 Rfe8 22.c4 f5
23.Qh4 f4 24.Nd5 Bxd5 25.R1xd5 Rc7 26.Rd8 Re7 27.Rxe8+ Rxe8 28.Qg4 h6 29.h3 Qf6
30.Kh2 Kh7 31.c5 Re7 32.b4 Qg6 33.b5 Qxg4 34.hxg4 e4 35.Kg1 Kg6 36.Kf1 Kf6
37.Rf5+ Ke6 38.Rxf4 Kd5 39.Rf5+ Kc4 40.c6 bxc6 41.bxc6 Rc7 42.Re5 Kd4 43.Re6 Kd5
44.Rg6 Rxc6 45.Rxg7 Ra6 46.Rh7 Ke5 47.g3 Rxa2 48.Rxh6 a5 49.Rh5+ Ke6 50.Rf5 a4
51.Rf8 a3 52.Ra8 Ra1+ 53.Kg2 a2 54.Ra6+ Kf7 55.g5 Kg7 56.g6 Kh6 57.g4 Kg7
58.g5 Rc1 59.Rxa2 Kxg6 60.Ra5 Rc3 61.Re5 Ra3 62.Kf1 Rb3 63.Ke2 Ra3 64.Kd2 Rd3+
65.Ke2 Ra3 66.Rd5 Rb3 67.Re5 Ra3 68.Kf1 Rh3 69.Kg2 Rh5 70.Rxe4 Rxg5+ 71.Kf3 Ra5
72.Re6+ Kf7 73.Rb6 Ra4 74.Kg3 Rc4 75.f4 Ra4 76.Kg4 Ra5 77.Rh6 Rb5 78.Rh7+ Kg6
79.Re7 Ra5 80.Re6+ Kf7 81.Rc6 Kg7 82.Kf3  1/2-1/2

[Event "RUS-ch m5-8"]
[Site "Elista"]
[Date "1997.05.24"]
[Round "2.8"]
[White "Ivanov, Sergey"]
[Black "Rublevsky, Sergei"]
[Result "1/2-1/2"]
[WhiteElo "2515"]
[BlackElo "2645"]

1.d4 d5 2.Nf3 e6 3.c4 dxc4 4.Qa4+ Nd7 5.e4 c5 6.Bxc4 cxd4 7.O-O Bc5 8.Na3 Ne7
9.Nb5 Nb6 10.Qc2 Nxc4 11.Qxc4 Bb6 12.Bf4 O-O 13.Nc7 Rb8 14.Nb5 Ra8 15.Nfxd4 Bd7
16.Nd6 Ng6 17.Be3 Qe7 18.N6b5 Ne5 19.Qb3 Ng4 20.a4 Nxe3 21.fxe3 Rfd8 22.Rac1 Rac8
23.Rxc8 Bxc8 24.Rc1 a6 25.Na3 Ba7 26.Nc4 Qg5 27.Nf3 Qc5 28.Rc3 h6 29.e5 Qd5
30.Nd6 Qxb3 31.Rxb3 Bc5 32.Nxc8 Rxc8 33.Rc3 Rc7 34.a5 Rc6 35.Kf2 Bb4 36.Rxc6 bxc6
37.Nd4 Bxa5 38.Nxc6 Bb6 39.Ke2 Kf8 40.Nb8 Bc7 41.Nxa6 Bxe5 42.b4 Bxh2 43.b5 Ke7
44.b6 f5 45.Kf3 Be5 46.b7 g5 47.b8=Q Bxb8 48.Nxb8 Kd6 49.Na6 h5 50.Nb4 h4
51.Nd3 Kd5 52.Nf2 Ke5 53.Nd3+ Kd5 54.Ne1 Ke5 55.Nc2 g4+ 56.Kf2 Ke4 57.Nd4 e5
58.Ne6 f4 59.exf4 exf4 60.Nc5+ Kd4 61.Ne6+ Ke5 62.Nc5 Kf5 63.Nd3 h3 64.gxh3 gxh3
65.Kf3  1/2-1/2

[Event "RUS-ch m3-4"]
[Site "Elista"]
[Date "1997.05.24"]
[Round "2.4"]
[White "Rublevsky, Sergei"]
[Black "Ivanov, Sergey"]
[Result "0-1"]
[WhiteElo "2645"]
[BlackElo "2515"]

1.e4 e6 2.d4 d5 3.exd5 exd5 4.Nf3 Nf6 5.Bd3 Be7 6.O-O Bg4 7.h3 Bh5 8.Bf4 O-O
9.Nbd2 Nbd7 10.c3 c5 11.Re1 Re8 12.Qb1 c4 13.Bf5 Bxf3 14.Nxf3 g6 15.Bc2 b5
16.b4 a5 17.a3 Bf8 18.Rxe8 Qxe8 19.bxa5 Rxa5 20.a4 Qa8 21.Qd1 Ne4 22.Bxe4 dxe4
23.Nd2 Rxa4 24.Rb1 Qc6 25.Qc2 f5 26.f3 exf3 27.Nxf3 Nf6 28.Ne5 Qe4 29.Qc1 Ra2
30.Nf3 Ba3 31.Qe1 Qxf4 32.Qe6+ Kg7 33.Rxb5 Ra1+ 34.Ne1 Ne4 35.Rb7+ Kh6 36.Rxh7+ Kxh7
37.Qf7+ Kh6 38.Qf8+ Bxf8  0-1

[Event "RUS-ch m5-8"]
[Site "Elista"]
[Date "1997.05.24"]
[Round "2.5"]
[White "Ivanov, Sergey"]
[Black "Rublevsky, Sergei"]
[Result "1/2-1/2"]
[WhiteElo "2515"]
[BlackElo "2645"]

1.d4 d5 2.Nf3 e6 3.c4 dxc4 4.Qa4+ Nd7 5.e4 c5 6.Bxc4 cxd4 7.O-O Bc5 8.Na3 Ne7
9.b4 Bd6 10.Nb5 Bb8 11.Nbxd4 O-O 12.Qb3 Ne5 13.Be2 Nxf3+ 14.Nxf3 Ng6 15.Rd1 Qf6
16.Bb2 Qf4 17.Qc2 Nh4 18.e5 Nxf3+ 19.Bxf3 Bxe5 20.Bxe5 Qxe5 21.Rac1 a5 22.Qc5 Qb2
23.b5 Qxa2 24.Qe7 Qb2 25.Rc7 Qb4 26.Qxb4 axb4 27.g3 g6 28.Rb1 Ra3 29.Kg2 Rc3
30.b6 Rxc7 31.bxc7 Re8 32.Rd1 Kf8 33.Be2 Ke7 34.Bb5 Rf8 35.Kf3 b3 36.Ke3 b2
37.Kd4 e5+ 38.Kc3 Bf5 39.Kxb2 Rc8 40.Rc1 Kd6 41.Kb3 Rxc7 42.Rd1+ Ke7 43.Kb4 Be6
44.Re1 f6 45.f4 exf4 46.gxf4 Kf7 47.Rd1 Ke7 48.Re1 Kf7 49.Rd1 Ke7  1/2-1/2

[Event "RUS-ch m3-4"]
[Site "Elista"]
[Date "1997.05.24"]
[Round "2.3"]
[White "Ivanov, Sergey"]
[Black "Rublevsky, Sergei"]
[Result "0-1"]
[WhiteElo "2515"]
[BlackElo "2645"]

1.d4 d5 2.Nf3 e6 3.c4 dxc4 4.e4 b5 5.a4 c6 6.axb5 cxb5 7.b3 Bb7 8.bxc4 Bxe4
9.cxb5 Nf6 10.Be2 Nbd7 11.O-O Be7 12.Nc3 Bb7 13.Ne5 Nxe5 14.dxe5 Nd7 15.Bf4 O-O
16.Bf3 Qc7 17.Rc1 Ba3 18.Nd5 Qd8 19.Ra1 Bb2 20.Nf6+ Nxf6 21.Bxb7 Bxa1 22.Bxa8 Qxa8
23.Qxa1 Nd5 24.Qd4 Qb7 25.Bg3 Rc8 26.Ra1 Nc3 27.Qxa7 Ne2+ 28.Kf1 Qxb5 29.Ke1 Nc1
30.Qe3 Qb2 31.Ra3 Nb3  0-1

[Event "Rubinstein mem 34th"]
[Site "Polanica Zdroj"]
[Date "1997.08.28"]
[Round "9"]
[White "Malaniuk, Vladimir P"]
[Black "Rublevsky, Sergei"]
[Result "1/2-1/2"]
[WhiteElo "2615"]
[BlackElo "2650"]

1.d4 d5 2.c4 c6 3.e3 Nf6 4.Nf3 Bf5 5.Bd3 Bxd3 6.Qxd3 e6 7.O-O Nbd7 8.Nbd2 Be7
9.Rd1 O-O 10.e4 dxe4 11.Nxe4 Nxe4 12.Qxe4 Nf6 13.Qe2 Qc7 14.Ne5 Nd7 15.Bf4  1/2-1/2

[Event "WchT 4th"]
[Site "Luzern"]
[Date "1997.11.01"]
[Round "8"]
[White "Rublevsky, Sergei"]
[Black "Christiansen, Larry Mark"]
[Result "1-0"]
[WhiteElo "2650"]
[BlackElo "2550"]

1.e4 e6 2.d4 d5 3.Nd2 dxe4 4.Nxe4 Nd7 5.Nf3 Ngf6 6.Bd3 c5 7.O-O Nxe4 8.Bxe4 cxd4
9.Nxd4 Nf6 10.Bg5 Bc5 11.c3 h6 12.Bxf6 Qxf6 13.Qa4+ Bd7 14.Qc4 Bxd4 15.cxd4 Rc8
16.Qb4 b6 17.d5 Qe7 18.d6 Qg5 19.Qa3 a5 20.Bb7 Rc4 21.Qb3 Qc5 22.Ba6 Rb4
23.Qc3 O-O 24.Rfd1 Ra8 25.Bf1 Rc8 26.Qd2 Qe5 27.b3 Rf4 28.Rac1 Rxc1 29.Qxc1 g5
30.g3 Rf5 31.Qc7 Qc5 32.Rd2 Qb4 33.Rc2 Qe4 34.h3 Rd5 35.Rc1 Rd2 36.Qxb6 Qd4
37.Qxd4 Rxd4 38.Rc5 a4 39.bxa4 Bxa4 40.Ra5 Kg7 41.Ra6 Bd1 42.f3 Bxf3 43.Bb5 g4
44.h4 Be4 45.d7 e5 46.a4 Bf5 47.Ra7 Kf6 48.a5 Ke7 49.a6 Bd3 50.Bxd3 Rxd3
51.Rb7 Rxg3+ 52.Kf2 Rf3+ 53.Kg2 f5 54.a7 Ra3 55.d8=Q+ Kxd8 56.Rb8+ Ke7 57.a8=Q Rxa8
58.Rxa8 f4 59.Rg8 g3 60.Kf3 Kf7 61.Rg4  1-0

[Event "RUS-ch m3-4"]
[Site "Elista"]
[Date "1997.??.??"]
[Round "2.3"]
[White "Rublevsky, Sergei"]
[Black "Ivanov, Sergey"]
[Result "1-0"]
[WhiteElo "2645"]
[BlackElo "2515"]

1.e4 e6 2.d4 d5 3.Nd2 c5 4.exd5 Qxd5 5.Ngf3 cxd4 6.Bc4 Qd6 7.O-O Nf6 8.Nb3 Nc6
9.Nbxd4 Nxd4 10.Nxd4 a6 11.Re1 Qc7 12.Bb3 Bd6 13.Nf5 Bxh2+ 14.Kh1 O-O 15.Nxg7 Rd8
16.Qf3 Kxg7 17.Bh6+ Kg6 18.c3 Nh5 19.Be3 f5 20.g4 Nf6 21.gxf5+ exf5 22.Qg2+ Ng4
23.f3 Bd7 24.Bd4 Qg3 25.fxg4 Bc6 26.Re6+ Kg5 27.Rxc6 bxc6 28.Qxh2 Qxh2+ 29.Kxh2 fxg4
30.Rf1 Rf8 31.Bf7 Rab8 32.Kg3 Rxf7 33.Rxf7 Rxb2 34.a4 h5 35.Be3+ Kg6 36.Rc7 Kf5
37.Rxc6 h4+ 38.Kxh4 Rh2+ 39.Kg3 Rh3+ 40.Kf2 Rh2+ 41.Kg1  1-0

[Event "RUS-ch m1-2"]
[Site "Elista"]
[Date "1997.??.??"]
[Round "3.2"]
[White "Rublevsky, Sergei"]
[Black "Lastin, Alexander"]
[Result "0-1"]
[WhiteElo "2645"]
[BlackElo "2535"]

1.e4 c6 2.d4 d5 3.Nd2 dxe4 4.Nxe4 Nd7 5.Bc4 Ngf6 6.Ng5 e6 7.Qe2 Nb6 8.Bd3 h6
9.N5f3 c5 10.Be3 a6 11.c3 Qc7 12.Ne5 Nbd5 13.Ngf3 Bd6 14.O-O b5 15.Bd2 O-O
16.dxc5 Bxc5 17.a4 b4 18.c4 Ne7 19.Bf4 Qb6 20.a5 Qa7 21.Nd2 Bb7 22.Nb3 Nf5
23.Bxf5 exf5 24.Nxc5 Qxc5 25.Qe3 Rac8 26.b3 Rfd8 27.Rfe1 Ne4 28.f3 Nc3 29.h4 Rd4
30.Kh2 Qd6 31.c5 Qxc5 32.Nxf7 Nd5 33.Rac1 Qxc1 34.Nxh6+ Kh7 35.Qxc1 Rxc1
36.Bxc1 gxh6 37.Re6 f4 38.Rd6 Bc8 39.Bb2 Rd2 40.Be5 Ne3 41.Rc6 Rxg2+ 42.Kh1 Rc2
43.Rf6 Rc1+ 44.Kh2 Rc2+ 45.Kh1 Nf5 46.Bxf4 h5 47.Be5 Nxh4 48.Rf4 Nxf3  0-1

[Event "RUS-Cup6"]
[Site "Krasnodar"]
[Date "1997.??.??"]
[Round "2"]
[White "Nadyrhanov, S."]
[Black "Rublevsky, Sergei"]
[Result "0-1"]
[WhiteElo "2480"]
[BlackElo "2645"]

1.e4 c5 2.Nf3 e6 3.c3 Nf6 4.e5 Nd5 5.d4 cxd4 6.cxd4 d6 7.Bc4 Nb6 8.Bb3 dxe5
9.Nxe5 Nc6 10.Nxc6 bxc6 11.O-O Be7 12.Nc3 O-O 13.Re1 Nd5 14.Be3 Nxe3 15.Rxe3 Rb8
16.Ne4 Rb4 17.Rd3 Ba6 18.Rd2 Qb6 19.Nc5 Bxc5 20.dxc5 Qxc5 21.Qf3 Qb6 22.Rad1 Bb7
23.Rd6 a5 24.Qd3 g6 25.Rd4 c5 26.Rd6 Qc7 27.Rd8 Rxd8 28.Qxd8+ Qxd8 29.Rxd8+ Kg7
30.Rd2 Rd4 31.Re2 Ba6 32.Re1 Rd2 33.Rb1 Be2  0-1

[Event "RUS-Cup6"]
[Site "Krasnodar"]
[Date "1997.??.??"]
[Round "3"]
[White "Rublevsky, Sergei"]
[Black "Galkin, Alexander"]
[Result "1/2-1/2"]
[WhiteElo "2645"]
[BlackElo "2510"]

1.e4 c6 2.d4 d5 3.Nd2 dxe4 4.Nxe4 Nd7 5.Bc4 Ngf6 6.Ng5 e6 7.Qe2 Nb6 8.Bd3 h6
9.N5f3 c5 10.Be3 Qc7 11.Ne5 Bd6 12.Ngf3 Nbd5 13.O-O O-O 14.c3 b6 15.Bd2 Bb7
16.a3 cxd4 17.cxd4 Qe7 18.Rfe1 Rac8 19.Rad1 Rc7 20.Bb1 Qd8 21.Qd3 Qc8 22.Nh4 Rd8
23.Qh3 Ne7 24.Qg3 Nh5 25.Qg4 Nf6 26.Qg3 Nh5  1/2-1/2

[Event "RUS-Cup6"]
[Site "Krasnodar"]
[Date "1997.??.??"]
[Round "7"]
[White "Rublevsky, Sergei"]
[Black "Asrian, Karen"]
[Result "1-0"]
[WhiteElo "2645"]
[BlackElo "2440"]

1.e4 c6 2.d4 d5 3.Nd2 dxe4 4.Nxe4 Bf5 5.Nc5 b6 6.Nb3 e6 7.Nf3 Nf6 8.g3 Nbd7
9.Bg2 Rc8 10.O-O Bd6 11.Qe2 Bg4 12.h3 Bxf3 13.Bxf3 O-O 14.c4 e5 15.Be3 e4
16.Bg2 Re8 17.Rad1 h6 18.Qc2 b5 19.c5 Bc7 20.Rfe1 Re7 21.Bd2 Qe8 22.Re3 Nf8
23.Rde1 Qd7 24.Bxe4 Nxe4 25.Rxe4 Rxe4 26.Qxe4 Ne6 27.Qg4 Kh8 28.Bc3 Qd5 29.Qe4 Qxe4
30.Rxe4 Kg8 31.Ba5 Bb8 32.Kg2 Re8 33.Re1 Re7 34.Kf3 Ng5+ 35.Kg2 Ne6 36.h4 Rd7
37.Kf3 h5 38.Re4  1-0

[Event "JUG-chT"]
[Site "Niksic"]
[Date "1997.??.??"]
[Round "6"]
[White "Almasi, Zoltan"]
[Black "Rublevsky, Sergei"]
[Result "1/2-1/2"]
[WhiteElo "2615"]
[BlackElo "2650"]

1.e4 c5 2.Nf3 e6 3.d4 cxd4 4.Nxd4 a6 5.Bd3 Nf6 6.O-O d6 7.c4 Bd7 8.Nc3 Nc6
9.Nxc6 Bxc6 10.Qe2 Be7 11.b3 O-O 12.Bb2 Qa5 13.f4 Qh5 14.Qxh5 Nxh5 15.Rad1 Rfd8
16.Be2 Nf6 17.Bf3 Nd7 18.Ba3 Nc5 19.Kf2 b6 20.Rd2  1/2-1/2

[Event "RUS-ch51"]
[Site "St Petersburg"]
[Date "1998.08.02"]
[Round "6"]
[White "Sakaev, Konstantin"]
[Black "Rublevsky, Sergei"]
[Result "1-0"]
[WhiteElo "2635"]
[BlackElo "2685"]

1.d4 d5 2.Nf3 e6 3.c4 dxc4 4.Qa4+ Nd7 5.e4 c5 6.Bxc4 cxd4 7.O-O Bc5 8.b4 Bd6
9.e5 Bb8 10.Bf4 Ne7 11.Nbd2 O-O 12.Rfe1 Nb6 13.Qb3 Nxc4 14.Nxc4 b5 15.Nd6 Bxd6
16.exd6 Nf5 17.Rad1 Bb7 18.Nxd4 Bd5 19.Qxd5 exd5 20.Nxf5 Re8 21.Ne7+ Kf8
22.Rxd5 Qd7 23.h3 a6 24.Rh5 f6 25.Rxh7 Rad8 26.Re3 Rc8 27.Nxc8 Kg8 28.Nb6 Qd8
29.Rxe8+ Qxe8 30.d7 Qd8 31.Rh5 g5 32.Be3 Kg7 33.h4 Kg6 34.Rxg5+  1-0

[Event "RUS-ch51"]
[Site "St Petersburg"]
[Date "1998.08.03"]
[Round "7"]
[White "Rublevsky, Sergei"]
[Black "Dolmatov, Sergey"]
[Result "1/2-1/2"]
[WhiteElo "2685"]
[BlackElo "2575"]

1.e4 e6 2.d4 d5 3.Nd2 c5 4.exd5 exd5 5.Bb5+ Nc6 6.Ngf3 Bd6 7.dxc5 Bxc5 8.O-O Ne7
9.Nb3 Bd6 10.Re1 O-O 11.Bd3 h6 12.h3 Nf5 13.c3 Qf6 14.Bc2 Rd8 15.Qd3 g6 16.Bd2 a5
17.a4 b6 18.Be3 Ba6 19.Qd2 Nxe3 20.Qxe3 Kg7 21.Bd3 Re8 22.Qd2 Bc4 23.Nbd4 Nxd4
24.Nxd4 Bc5 25.Nf3 Rad8 26.Rxe8 Rxe8 27.Bxc4 dxc4 28.Re1 Qc6 29.Rxe8 Qxe8
30.Qd1 Qc6 31.Kf1 Qe8 32.Nd2 Qd7 33.Qc2 b5 34.Ne4 Bb6 35.axb5 Qxb5 36.Qe2 Bc7
37.g3 a4 38.h4 h5 39.Qd2 Be5 40.f4 Qc6 41.Qe3 Bc7 42.Nd2 Bb6 43.Qe5+ Kg8
44.Ne4 f5 45.Nf6+ Kf7 46.Nd5 Bc5 47.Ke2 Qe6 48.Qxe6+  1/2-1/2

[Event "RUS-ch51"]
[Site "St Petersburg"]
[Date "1998.08.04"]
[Round "8"]
[White "Yemelin, Vasily"]
[Black "Rublevsky, Sergei"]
[Result "1/2-1/2"]
[WhiteElo "2510"]
[BlackElo "2685"]

1.e4 c5 2.Nf3 d6 3.d4 cxd4 4.Nxd4 Nf6 5.Nc3 a6 6.Bg5 e6 7.f4 Be7 8.Qf3 h6
9.Bh4 Qc7 10.O-O-O Nbd7 11.Bd3 g5 12.fxg5 Ne5 13.Qg3 Rg8 14.Qe1 hxg5 15.Bf2 b5
16.Kb1 Bb7 17.Nf3 Ned7 18.a3 Rc8 19.Bd4 Ne5 20.Qf2 Nc6 21.Bb6 Ng4 22.Qg1 Qb8
23.h3 Nf6 24.Qf2 b4 25.axb4 Nxb4 26.Rhf1 Ba8 27.Bd4 e5 28.Ba7 Qb7 29.Qb6 Qxb6
30.Bxb6 g4 31.Nd2 gxh3 32.gxh3 Rh8 33.Rf3 d5 34.exd5 Nfxd5 35.Nxd5 Bxd5 36.Be4 Ba2+
37.Ka1 Be6 38.c3 Nd5 39.Nc4 Rxc4 40.Bxd5 Bxd5 41.Rxd5 f6 42.Bf2 Re4 43.Ra5 Re2
44.Rxa6 Kf7 45.Ra7 Ke6 46.c4 e4 47.Rf4 Rxh3 48.Bd4 Rf3 49.Rh4 Rd3 50.Ra6+ Kf5
51.Bc3 e3 52.Ra5+ Kg6 53.Rg4+ Kf7 54.Ra7 Rxc3 55.bxc3 f5 56.Rd4 Kf6 57.Rdd7 Bc5
58.Ra6+ Kg5 59.Rd5 Bf8 60.Kb1 Bg7 61.c5 Bxc3 62.Re6 Bd2 63.Ree5 Bc3 64.Rxf5+ Kg4
65.Rf7 Rb2+ 66.Kc1 e2 67.Re7 Ra2 68.c6 e1=Q+ 69.Rxe1 Bxe1 70.c7 Ra8 71.Rd8 Bg3
72.Rxa8 Bxc7  1/2-1/2

[Event "Elista ol (Men)"]
[Site "Elista"]
[Date "1998.09.30"]
[Round "2"]
[White "Rublevsky, Sergei"]
[Black "Vasquez, Rodrigo"]
[Result "1-0"]
[WhiteElo "2685"]
[BlackElo "2445"]

1.e4 c5 2.Nf3 e6 3.c4 Nc6 4.Nc3 Nf6 5.Be2 e5 6.d3 d6 7.a3 Be7 8.Rb1 a5 9.O-O O-O
10.Ne1 Ne8 11.Nc2 Nc7 12.f4 exf4 13.Bxf4 Bf6 14.Bg4 Ne6 15.Be3 Ned4 16.Bxc8 Nxc2
17.Qxc2 Rxc8 18.Nd5 Be5 19.Qd2 Rb8 20.b4 axb4 21.axb4 b6 22.Bf4 Ra8 23.b5 Bd4+
24.Be3 Bxe3+ 25.Nxe3 Nb4 26.Nf5 Ra7 27.Rf3 Re8 28.Rg3 g6 29.Rf1 Re6 30.Nh6+ Kg7
31.Rgf3 f6 32.Ng4 Rf7 33.d4 Qe7 34.d5 Rxe4 35.Nxf6 Rxf6 36.Rxf6 Qxf6 37.Rxf6 Kxf6
38.Qc3+ Kf5 39.h3 h5 40.Kh2 h4 41.g3 hxg3+ 42.Qxg3 Rf4 43.h4 Rg4 44.Qxd6 Nd3
45.Qe6+ Kf4 46.Qf6+ Ke3 47.d6 Nf4 48.d7 Kf2 49.Qxf4+ Rxf4 50.d8=Q Rxc4 51.Qd2+  1-0

[Event "Elista ol (Men)"]
[Site "Elista"]
[Date "1998.10.05"]
[Round "7"]
[White "Georgiev, Kiril"]
[Black "Rublevsky, Sergei"]
[Result "1/2-1/2"]
[WhiteElo "2660"]
[BlackElo "2685"]

1.c4 e5 2.g3 Nf6 3.Bg2 d5 4.cxd5 Nxd5 5.Nc3 Nb6 6.Nf3 Nc6 7.O-O Be7 8.a3 O-O
9.b4 Be6 10.Rb1 f6 11.d3 a5 12.b5 Nd4 13.Nd2 Bd5 14.Nxd5 Nxd5 15.Ne4 f5 16.e3 fxe4
17.exd4 exd4 18.Bxe4 Nc3 19.Qb3+ Kh8 20.Bxb7 Rb8 21.Be4 a4 22.Qc2 Nxb1 23.Qxb1 Qd7
24.Qc2 Qxb5 25.Qxc7 Rfe8 26.Qf4 Qh5 27.Bc6 Rf8 28.Qe4 Qg6 29.Qxg6 hxg6 30.Bxa4 Rb1
31.Bf4 Rxf1+ 32.Kxf1 Rxf4 33.gxf4 Bxa3 34.Kg2 Kg8 35.Be8 Kf8 36.Bxg6 Ke7
37.Kf3 Kf6 38.Be4 Bb2 39.h4 Bc3 40.h5 Bb2 41.Bg6 Bc3 42.Ke4 Bb2 43.f5 Bc3
44.f4 Bb2 45.Kd5 Bc3  1/2-1/2

[Event "Elista ol (Men)"]
[Site "Elista"]
[Date "1998.10.10"]
[Round "11"]
[White "Rublevsky, Sergei"]
[Black "Vaganian, Rafael A"]
[Result "0-1"]
[WhiteElo "2685"]
[BlackElo "2630"]

1.e4 e6 2.d4 d5 3.Nd2 c5 4.exd5 exd5 5.Bb5+ Nc6 6.Ngf3 Bd6 7.dxc5 Bxc5 8.O-O Ne7
9.c4 O-O 10.Nb3 Bd6 11.Bxc6 bxc6 12.c5 Bc7 13.Nbd4 Bg4 14.Bg5 f6 15.Bh4 Be5
16.Qd2 Bxf3 17.Nxf3 Qd7 18.Rae1 Ng6 19.Bg3 Rfe8 20.Re2 Re7 21.Rfe1 Rae8 22.Kf1 Qb7
23.Qd3 Qb4 24.Nxe5 Nxe5 25.Bxe5 Rxe5 26.Rxe5 fxe5 27.Qc2 e4 28.Qc3 Qa4 29.b3 Qa6+
30.Re2 Rd8 31.Qd4 Qb5 32.Qe5 h6 33.Qe6+ Kh8 34.Qe7 Rg8 35.f3 exf3 36.gxf3 a5
37.Qd6 Re8  0-1

[Event "JUG-chT"]
[Site "Vrnjacka Banja"]
[Date "1999.??.??"]
[Round "1"]
[White "Ivanov, Sergey"]
[Black "Rublevsky, Sergei"]
[Result "1/2-1/2"]
[WhiteElo "2538"]
[BlackElo "2660"]

1.d4 d5 2.c4 dxc4 3.Nf3 e6 4.e3 c5 5.Bxc4 a6 6.Bd3 Nf6 7.O-O Nbd7 8.Re1 b5
9.e4 cxd4 10.e5 Nd5 11.a4 bxa4 12.Rxa4 Bb4 13.Bd2 Bxd2 14.Nbxd2 Nc5 15.Rxd4 Nxd3
16.Rxd3 Kf8 17.Ne4  1/2-1/2

[Event "JUG-chT"]
[Site "Vrnjacka Banja"]
[Date "1999.??.??"]
[Round "5"]
[White "Rabrenovic, Vladan"]
[Black "Rublevsky, Sergei"]
[Result "0-1"]
[WhiteElo "2348"]
[BlackElo "2660"]

1.d4 d5 2.c4 c6 3.Nf3 Nf6 4.Nc3 dxc4 5.a4 Bf5 6.Nh4 e6 7.Nxf5 exf5 8.e3 Bb4
9.Bxc4 O-O 10.O-O Nbd7 11.Qf3 g6 12.h3 Kg7 13.Rd1 Qe7 14.Na2 Bd6 15.b3 Nb6
16.Bb2 Nbd5 17.Nc3 Rad8 18.Bxd5 Nxd5 19.Nxd5 cxd5 20.Rdc1 Rfe8 21.Kf1 Qf6
22.g3 g5 23.Rc2 Re4 24.Rac1 Qe6 25.Kg2 Kg6 26.h4 gxh4 27.Rh1 Rg4  0-1